Human systems development
Gespeichert in:
| 1. Verfasser: | |
|---|---|
| Weitere Verfasser: | , |
| Format: | Buch |
| Sprache: | Englisch |
| Veröffentlicht: |
San Francisco
Jossey-Bass Publishers
1987
|
| Schlagworte: | |
| Tags: |
Keine Tags, Fügen Sie das erste Tag hinzu!
|
MARC
| LEADER | 00000nam a2200000 4500 | ||
|---|---|---|---|
| 001 | c100548 | ||
| 005 | 20221219121058.1 | ||
| 020 | |a 0-87589-652-9 | ||
| 041 | 0 | |a eng | |
| 044 | |a US | ||
| 245 | 1 | 0 | |a Human systems development |c Robert Tannenbaum, Newton Margulies, Fred Massarik and Associates |
| 264 | 1 | |a San Francisco |b Jossey-Bass Publishers |c 1987 | |
| 300 | |a 605 s. | ||
| 610 | 2 | 0 | |a správanie organizačné |
| 610 | 2 | 0 | |a zmeny organizačné |
| 610 | 2 | 0 | |a riadenie |
| 610 | 2 | 0 | |a vedenie |
| 610 | 2 | 0 | |a pracovníci riadiaci |
| 610 | 2 | 0 | |a pracovníci vedúci |
| 100 | 1 | |a Tannenbaum, Robert | |
| 700 | 1 | |a Margulies, Newton | |
| 700 | 1 | |a Massarik, Fred | |